Po stopách hodvábu

Historická hodvábna cesta, jej význam a odkaz minulosti pre budúcnosť. Aktuálnosť efektívneho prepojenia Číny s Európou. Politika, diplomatická iniciatíva a doplnenie existujúcich dopravných prepojení.

Gespeichert in:
Bibliographische Detailangaben
1. Verfasser: Marianyi, Peter
Format: Buchkapitel
Sprache:Slowakisch
Schlagworte:
Tags: Tag hinzufügen
Keine Tags, Fügen Sie das erste Tag hinzu!

MARC

LEADER 00000naa a2200000 4500
001 0230093
005 20221104113115.7
041 0 |a slo 
044 |a SK 
245 1 0 |a Po stopách hodvábu  |c Peter Marianyi 
520 |a Historická hodvábna cesta, jej význam a odkaz minulosti pre budúcnosť. Aktuálnosť efektívneho prepojenia Číny s Európou. Politika, diplomatická iniciatíva a doplnenie existujúcich dopravných prepojení. 
610 2 0 |a Čína 
610 2 0 |a Európa 
610 2 0 |a história 
610 2 0 |a cesty dopravné 
610 2 0 |a preprava 
610 2 0 |a obchod zahraničný 
610 2 0 |a pohyb tovaru 
610 2 0 |a diplomacia 
610 2 0 |a politika 
100 1 |a Marianyi, Peter